Wszystkie miasta w Polsce - Wersja hardcorowa - Statystyki

Ogólne statystyki
  • Ten quiz został rozwiązany 30 razy
  • Średni wynik to 255 z 1020
Statystyki odpowiedzi
Miasto % Poprawnych
Warszawa
93%
Gdańsk
80%
Gdynia
80%
Kraków
80%
Olsztyn
80%
Poznań
80%
Rzeszów
80%
Sopot
80%
Zakopane
80%
Elbląg
73%
Iława
73%
Kalisz
73%
Katowice
73%
Koło
73%
Konin
73%
Lublin
73%
Piła
73%
Szczecin
73%
Tarnów
73%
Wrocław
73%
Biała
67%
Białystok
67%
Bochnia
67%
Brzeg
67%
Bydgoszcz
67%
Chełm
67%
Częstochowa
67%
Ełk
67%
Gniezno
67%
Kielce
67%
Łódź
67%
Mława
67%
Nowe
67%
Opole
67%
Oświęcim
67%
Puck
67%
Reda
67%
Skierniewice
67%
Suwałki
67%
Wałbrzych
67%
Wisła
67%
Zielona Góra
67%
Aleksandrów Łódzki
60%
Augustów
60%
Biała Podlaska
60%
Bielsko-Biała
60%
Chełmno
60%
Hel
60%
Jastarnia
60%
Kołobrzeg
60%
Kutno
60%
Lubin
60%
Mielec
60%
Nowe Miasto
60%
Oława
60%
Oleśnica
60%
Ostrów Wielkopolski
60%
Płock
60%
Radom
60%
Rumia
60%
Sandomierz
60%
Toruń
60%
Władysławowo
60%
Włocławek
60%
Aleksandrów Kujawski
53%
Bogatynia
53%
Brzesko
53%
Bytom
53%
Chorzów
53%
Chrzanów
53%
Gliwice
53%
Gorzów Wielkopolski
53%
Hrubieszów
53%
Inowrocław
53%
Jarosław
53%
Jawor
53%
Kłodzko
53%
Kościerzyna
53%
Krynica Morska
53%
Kwidzyn
53%
Legnica
53%
Leszno
53%
Lubliniec
53%
Mielno
53%
Mińsk Mazowiecki
53%
Nowy Dwór Mazowiecki
53%
Nowy Sącz
53%
Olkusz
53%
Otwock
53%
Piotrków Trybunalski
53%
Pruszcz
53%
Pruszcz Gdański
53%
Pruszków
53%
Ruda Śląska
53%
Siedlce
53%
Skarżysko-Kamienna
53%
Słupsk
53%
Tarnobrzeg
53%
Tczew
53%
Tychy
53%
Ustka
53%
Wejherowo
53%
Wołomin
53%
Zator
53%
Zgorzelec
53%
Żywiec
53%
Braniewo
47%
Brzeg Dolny
47%
Bytów
47%
Cedynia
47%
Ciechanów
47%
Dębica
47%
Frombork
47%
Gostyń
47%
Grodzisk Mazowiecki
47%
Imielin
47%
Jarocin
47%
Jaworzno
47%
Jelenia Góra
47%
Karpacz
47%
Kartuzy
47%
Końskie
47%
Kostrzyn
47%
Koszalin
47%
Krosno
47%
Krynica-Zdrój
47%
Lębork
47%
Łowicz
47%
Luboń
47%
Malbork
47%
Miechów
47%
Myślenice
47%
Nowe Miasto Lubawskie
47%
Nowe Miasto nad Pilicą
47%
Nowy Dwór Gdański
47%
Olsztynek
47%
Ostróda
47%
Ostrowiec Świętokrzyski
47%
Ostrów Mazowiecka
47%
Piaseczno
47%
Piekary Śląskie
47%
Police
47%
Prószków
47%
Przemyśl
47%
Radomsko
47%
Sanok
47%
Sejny
47%
Siemiatycze
47%
Starachowice
47%
Stary Sącz
47%
Swarzędz
47%
Tarnowskie Góry
47%
Tomaszów Mazowiecki
47%
Turek
47%
Wadowice
47%
Węgrów
47%
Września
47%
Wyszków
47%
Ząbki
47%
Zabrze
47%
Żary
47%
Zgierz
47%
Andrychów
40%
Annopol
40%
Bartoszyce
40%
Biała Piska
40%
Bielsk Podlaski
40%
Biskupiec
40%
Busko-Zdrój
40%
Chełmża
40%
Chojnice
40%
Ciechocinek
40%
Cieszyn
40%
Dąbrowa Górnicza
40%
Dąbrowa Tarnowska
40%
Dębno
40%
Dobre
40%
Działdowo
40%
Giżycko
40%
Gostynin
40%
Grudziądz
40%
Hajnówka
40%
Jastrzębie-Zdrój
40%
Kazimierz Dolny
40%
Kostrzyn nad Odrą
40%
Krotoszyn
40%
Łask
40%
Łeba
40%
Legionowo
40%
Leżajsk
40%
Limanowa
40%
Łomża
40%
Lubartów
40%
Marki
40%
Międzyzdroje
40%
Mikołajki
40%
Mrągowo
40%
Nałęczów
40%
Niepołomice
40%
Nowy Targ
40%
Olecko
40%
Pisz
40%
Płońsk
40%
Pułtusk
40%
Racibórz
40%
Rybnik
40%
Sieradz
40%
Skawina
40%
Stalowa Wola
40%
Starogard Gdański
40%
Staszów
40%
Strzelce Opolskie
40%
Sulęcin
40%
Świdnica
40%
Świecie
40%
Świnoujście
40%
Szczecinek
40%
Szklarska Poręba
40%
Terespol
40%
Ustroń
40%
Ustrzyki Dolne
40%
Wieliczka
40%
Włodawa
40%
Wodzisław
40%
Żnin
40%
Żory
40%
Żyrardów
40%
Będzin
33%
Bełchatów
33%
Błonie
33%
Bolesławiec
33%
Ciechanowiec
33%
Cieszanów
33%
Czarna Białostocka
33%
Czarne
33%
Czeladź
33%
Czersk
33%
Człuchów
33%
Czyżew
33%
Dąbrowa Białostocka
33%
Dobre Miasto
33%
Drezdenko
33%
Dziwnów
33%
Głuchołazy
33%
Gniew
33%
Gołdap
33%
Góra
33%
Gorlice
33%
Grajewo
33%
Gryfów Śląski
33%
Jasło
33%
Jedlina-Zdrój
33%
Kalwaria Zebrzydowska
33%
Kamień Pomorski
33%
Kąty Wrocławskie
33%
Kędzierzyn-Koźle
33%
Kętrzyn
33%
Kęty
33%
Kluczbork
33%
Koniecpol
33%
Krasnystaw
33%
Krynki
33%
Łańcut
33%
Łęczna
33%
Lesko
33%
Łomianki
33%
Lubań
33%
Łuków
33%
Lwówek
33%
Lwówek Śląski
33%
Maków Podhalański
33%
Miastko
33%
Mysłowice
33%
Nakło nad Notecią
33%
Namysłów
33%
Nowe Miasteczko
33%
Nowy Tomyśl
33%
Nysa
33%
Oborniki
33%
Opatów
33%
Opole Lubelskie
33%
Ozorków
33%
Pabianice
33%
Parczew
33%
Pilawa
33%
Pilica
33%
Polkowice
33%
Rabka-Zdrój
33%
Radków
33%
Radziejów
33%
Radzymin
33%
Rawa Mazowiecka
33%
Rawicz
33%
Reszel
33%
Siemianowice Śląskie
33%
Skoczów
33%
Słupca
33%
Sochaczew
33%
Sokołów Podlaski
33%
Solec Kujawski
33%
Sosnowiec
33%
Śrem
33%
Sucha Beskidzka
33%
Świebodzin
33%
Szamotuły
33%
Szczyrk
33%
Szczytno
33%
Tomaszów Lubelski
33%
Trzebinia
33%
Trzebnica
33%
Tuchola
33%
Ujazd
33%
Uniejów
33%
Warta
33%
Węgorzewo
33%
Wodzisław Śląski
33%
Wysoka
33%
Żabno
33%
Zambrów
33%
Zamość
33%
Zduńska Wola
33%
Zielonka
33%
Złotów
33%
Żmigród
33%
Zwoleń
33%
Żychlin
33%
Alwernia
27%
Barczewo
27%
Bełżyce
27%
Biała Rawska
27%
Białobrzegi
27%
Biecz
27%
Biłgoraj
27%
Błażowa
27%
Brusy
27%
Brześć Kujawski
27%
Brzeszcze
27%
Buk
27%
Bystrzyca Kłodzka
27%
Chełmek
27%
Chodzież
27%
Czaplinek
27%
Darłowo
27%
Dęblin
27%
Dobra
27%
Dukla
27%
Garwolin
27%
Głogów
27%
Grodzisk Wielkopolski
27%
Grójec
27%
Iłowa
27%
Iwonicz-Zdrój
27%
Jadów
27%
Janów Lubelski
27%
Jędrzejów
27%
Jelcz-Laskowice
27%
Jeziorany
27%
Józefów
27%
Kalisz Pomorski
27%
Kępno
27%
Kłobuck
27%
Knurów
27%
Kobylin
27%
Kolno
27%
Konstancin-Jeziorna
27%
Krosno Odrzańskie
27%
Książ Wielkopolski
27%
Kudowa-Zdrój
27%
Lądek-Zdrój
27%
Łęczyca
27%
Libiąż
27%
Lidzbark
27%
Lidzbark Warmiński
27%
Lipsk
27%
Lubaczów
27%
Maków Mazowiecki
27%
Międzylesie
27%
Międzyrzec Podlaski
27%
Międzyrzecz
27%
Muszyna
27%
Nidzica
27%
Nieszawa
27%
Nisko
27%
Nowa Sól
27%
Nowe Warpno
27%
Olesno
27%
Opatowiec
27%
Ostrołęka
27%
Ożarów
27%
Ożarów Mazowiecki
27%
Paczków
27%
Pelplin
27%
Piaski
27%
Piastów
27%
Pobiedziska
27%
Przemków
27%
Przeworsk
27%
Puławy
27%
Radymno
27%
Rajgród
27%
Ropczyce
27%
Rypin
27%
Sędziszów
27%
Sępólno Krajeńskie
27%
Serock
27%
Sierpc
27%
Skała
27%
Skarszewy
27%
Skaryszew
27%
Słubice
27%
Solec nad Wisłą
27%
Środa Wielkopolska
27%
Stargard
27%
Strzelce Krajeńskie
27%
Strzelin
27%
Strzelno
27%
Sulechów
27%
Sulejów
27%
Sulejówek
27%
Sułkowice
27%
Supraśl
27%
Świeradów-Zdrój
27%
Szczawnica
27%
Szczucin
27%
Szczuczyn
27%
Tłuszcz
27%
Tolkmicko
27%
Trzemeszno
27%
Ujście
27%
Urzędów
27%
Wągrowiec
27%
Warka
27%
Wasilków
27%
Wieluń
27%
Wleń
27%
Wolin
27%
Wolsztyn
27%
Wysokie Mazowieckie
27%
Żagań
27%
Zagórz
27%
Zakliczyn
27%
Zakroczym
27%
Zalewo
27%
Zaniemyśl
27%
Zawiercie
27%
Żuromin
27%
Babimost
20%
Bardo
20%
Barlinek
20%
Białogard
20%
Bielawa
20%
Bieruń
20%
Bisztynek
20%
Błaszki
20%
Bobowa
20%
Bobrowniki
20%
Boguchwała
20%
Boguszów-Gorce
20%
Brzeziny
20%
Brzostek
20%
Brzozów
20%
Budzyń
20%
Bychawa
20%
Bytom Odrzański
20%
Chęciny
20%
Choroszcz
20%
Ćmielów
20%
Czarna Woda
20%
Czchów
20%
Czechowice-Dziedzice
20%
Czerniejewo
20%
Czerwionka-Leszczyny
20%
Dąbrowice
20%
Debrzno
20%
Dobczyce
20%
Dobrzyń nad Wisłą
20%
Drawsko Pomorskie
20%
Drohiczyn
20%
Dzierżoniów
20%
Glinojeck
20%
Głubczyce
20%
Gniewkowo
20%
Gogolin
20%
Góra Kalwaria
20%
Gorzów Śląski
20%
Grabów
20%
Grabów nad Prosną
20%
Grybów
20%
Gryfice
20%
Gryfino
20%
Halinów
20%
Iłża
20%
Jasień
20%
Jastrowie
20%
Jedlicze
20%
Józefów nad Wisłą
20%
Kałuszyn
20%
Kamienna Góra
20%
Kańczuga
20%
Kępice
20%
Kietrz
20%
Kłecko
20%
Kłodawa
20%
Kobyłka
20%
Końskowola
20%
Konstantynów Łódzki
20%
Kórnik
20%
Koronowo
20%
Koszyce
20%
Kowal
20%
Kozienice
20%
Kraśnik
20%
Krzyż Wielkopolski
20%
Książ Wielki
20%
Kunów
20%
Łapy
20%
Łaskarzew
20%
Łazy
20%
Leśna
20%
Leśnica
20%
Lipsko
20%
Łochów
20%
Łosice
20%
Lubawa
20%
Lubsko
20%
Miasteczko Śląskie
20%
Międzychód
20%
Mikołów
20%
Miłakowo
20%
Milanówek
20%
Milicz
20%
Miłomłyn
20%
Miłosław
20%
Mirsk
20%
Mogilno
20%
Mońki
20%
Morąg
20%
Mosina
20%
Mszana Dolna
20%
Mszczonów
20%
Murowana Goślina
20%
Myślibórz
20%
Myszków
20%
Myszyniec
20%
Narol
20%
Niemodlin
20%
Nowa Dęba
20%
Nowa Sarzyna
20%
Nowa Słupia
20%
Nowogard
20%
Nowy Staw
20%
Oborniki Śląskie
20%
Odolanów
20%
Opatówek
20%
Opoczno
20%
Orzysz
20%
Osjaków
20%
Ostrów Lubelski
20%
Ostrzeszów
20%
Ozimek
20%
Pacanów
20%
Pilzno
20%
Pińczów
20%
Piotrków Kujawski
20%
Pleszew
20%
Płoty
20%
Podkowa Leśna
20%
Polanica-Zdrój
20%
Poniatowa
20%
Prochowice
20%
Proszowice
20%
Prudnik
20%
Przedbórz
20%
Przedecz
20%
Pszczyna
20%
Pszów
20%
Puszczykowo
20%
Radzionków
20%
Rejowiec
20%
Rydułtowy
20%
Ryn
20%
Sędziszów Małopolski
20%
Sępopol
20%
Skoki
20%
Skórcz
20%
Sława
20%
Sławno
20%
Sokółka
20%
Stoczek Łukowski
20%
Stopnica
20%
Strumień
20%
Stryków
20%
Strzegom
20%
Strzyżów
20%
Suraż
20%
Świdnik
20%
Świętochłowice
20%
Syców
20%
Szamocin
20%
Szubin
20%
Szydłów
20%
Szydłowiec
20%
Tarczyn
20%
Trzebiatów
20%
Tyczyn
20%
Ulanów
20%
Wąwolnica
20%
Witkowo
20%
Wojnicz
20%
Wolbrom
20%
Wołów
20%
Wschowa
20%
Zaklików
20%
Żelechów
20%
Złocieniec
20%
Złotoryja
20%
Złoty Stok
20%
Żukowo
20%
Baranów Sandomierski
13%
Barcin
13%
Białaczów
13%
Biały Bór
13%
Bircza
13%
Bobolice
13%
Bodzentyn
13%
Bogoria
13%
Bojanowo
13%
Bolków
13%
Borek Wielkopolski
13%
Brodnica
13%
Brok
13%
Brwinów
13%
Bukowno
13%
Cegłów
13%
Chocz
13%
Chodecz
13%
Chojna
13%
Chojnów
13%
Chorzele
13%
Ciężkowice
13%
Czarnków
13%
Czarny Dunajec
13%
Czempiń
13%
Czerwieńsk
13%
Czerwińsk nad Wisłą
13%
Dąbie
13%
Daleszyce
13%
Dobrzyca
13%
Drzewica
13%
Dubiecko
13%
Dynów
13%
Działoszyce
13%
Działoszyn
13%
Dzierzgoń
13%
Frampol
13%
Głogów Małopolski
13%
Głuszyca
13%
Gołańcz
13%
Goniądz
13%
Goraj
13%
Górowo Iławeckie
13%
Gubin
13%
Izbica
13%
Jabłonowo Pomorskie
13%
Jaraczewo
13%
Jastrząb
13%
Jaworzyna Śląska
13%
Jedwabne
13%
Kamień Krajeński
13%
Kazimierza Wielka
13%
Kcynia
13%
Kisielice
13%
Kleczew
13%
Kleszczele
13%
Klimontów
13%
Knyszyn
13%
Kobylnica
13%
Kock
13%
Kołaczyce
13%
Kolbuszowa
13%
Kolonowskie
13%
Koluszki
13%
Korsze
13%
Kościan
13%
Kowalewo Pomorskie
13%
Krajenka
13%
Krapkowice
13%
Krobia
13%
Krośniewice
13%
Kruszwica
13%
Krzanowice
13%
Krzeszowice
13%
Kuźnia Raciborska
13%
Łagów
13%
Łaszczów
13%
Latowicz
13%
Łaziska Górne
13%
Lędziny
13%
Lipno
13%
Lubawka
13%
Lubień Kujawski
13%
Lubomierz
13%
Lubowidz
13%
Lubycza Królewska
13%
Margonin
13%
Międzybórz
13%
Miejska Górka
13%
Modliborzyce
13%
Morawica
13%
Mordy
13%
Mrozy
13%
Nasielsk
13%
Nowa Ruda
13%
Nowe Brzesko
13%
Nowe Skalmierzyce
13%
Nowy Korczyn
13%
Nowy Wiśnicz
13%
Okonek
13%
Oleszyce
13%
Opalenica
13%
Orneta
13%
Osieck
13%
Osieczna
13%
Osiek
13%
Otmuchów
13%
Pajęczno
13%
Pakość
13%
Piątek
13%
Piekoszów
13%
Pieniężno
13%
Pieńsk
13%
Pieszyce
13%
Piława Górna
13%
Piszczac
13%
Piwniczna-Zdrój
13%
Pniewy
13%
Poddębice
13%
Polanów
13%
Poręba
13%
Prabuty
13%
Prusice
13%
Przasnysz
13%
Przysucha
13%
Pyzdry
13%
Raciąż
13%
Radlin
13%
Radłów
13%
Radoszyce
13%
Radzyń Podlaski
13%
Rakoniewice
13%
Raszków
13%
Resko
13%
Rozprza
13%
Rudnik nad Sanem
13%
Rychwał
13%
Ryglice
13%
Rymanów
13%
Skalbmierz
13%
Sławków
13%
Ślesin
13%
Sochocin
13%
Sokołów Małopolski
13%
Sośnicowice
13%
Środa Śląska
13%
Stąporków
13%
Stawiski
13%
Stęszew
13%
Stronie Śląskie
13%
Suchedniów
13%
Suchowola
13%
Susz
13%
Świebodzice
13%
Szczebrzeszyn
13%
Szczekociny
13%
Szepietowo
13%
Szprotawa
13%
Sztum
13%
Tarnogród
13%
Toszek
13%
Trzcianka
13%
Tuchów
13%
Tuczno
13%
Tykocin
13%
Tyszowce
13%
Wąchock
13%
Wałcz
13%
Wąsosz
13%
Węgliniec
13%
Więcbork
13%
Wielbark
13%
Wieleń
13%
Wieruszów
13%
Wilamowice
13%
Wiślica
13%
Włoszczowa
13%
Wojcieszów
13%
Wolbórz
13%
Wronki
13%
Wyrzysk
13%
Wyszogród
13%
Zabłudów
13%
Żarnów
13%
Żarów
13%
Zawadzkie
13%
Zawichost
13%
Zawidów
13%
Zelów
13%
Zwierzyniec
13%
Baborów
7%
Bierutów
7%
Bieżuń
7%
Blachownia
7%
Borne Sulinowo
7%
Brańsk
7%
Byczyna
7%
Chmielnik
7%
Chocianów
7%
Chociwel
7%
Choszczno
7%
Ciepielów
7%
Czemierniki
7%
Człopa
7%
Dobiegniew
7%
Dobrodzień
7%
Dolsk
7%
Drawno
7%
Drobin
7%
Gąbin
7%
Gąsawa
7%
Głogówek
7%
Głowaczów
7%
Głowno
7%
Golczewo
7%
Goleniów
7%
Golina
7%
Golub-Dobrzyń
7%
Gościno
7%
Izbica Kujawska
7%
Janikowo
7%
Janowiec Wielkopolski
7%
Jawornik Polski
7%
Jeżów
7%
Jordanów
7%
Jutrosin
7%
Kaczory
7%
Kalety
7%
Kamieniec Ząbkowicki
7%
Kamionka
7%
Karczew
7%
Kargowa
7%
Karlino
7%
Kazanów
7%
Kiernozia
7%
Kikół
7%
Koprzywnica
7%
Kosów Lacki
7%
Kowary
7%
Koziegłowy
7%
Koźminek
7%
Koźmin Wielkopolski
7%
Kożuchów
7%
Krasnobród
7%
Krzepice
7%
Krzywiń
7%
Kurów
7%
Łabiszyn
7%
Łęknica
7%
Lewin Brzeski
7%
Lipiany
7%
Łopuszno
7%
Lubraniec
7%
Lutomiersk
7%
Lututów
7%
Maciejowice
7%
Magnuszew
7%
Małogoszcz
7%
Miasteczko Krajeńskie
7%
Michałowo
7%
Mieroszów
7%
Mieścisko
7%
Mikstat
7%
Mirosławiec
7%
Młynary
7%
Mogielnica
7%
Nekla
7%
Niemcza
7%
Nowogród
7%
Nowogrodziec
7%
Olszyna
7%
Ośno Lubuskie
7%
Parzęczew
7%
Pasłęk
7%
Pasym
7%
Piechowice
7%
Pionki
7%
Połaniec
7%
Połczyn-Zdrój
7%
Praszka
7%
Pruchnik
7%
Przyrów
7%
Radomyśl Wielki
7%
Radzyń Chełmiński
7%
Recz
7%
Rejowiec Fabryczny
7%
Różan
7%
Ruciane-Nida
7%
Rychtal
7%
Rydzyna
7%
Ryki
7%
Rzepin
7%
Rzgów
7%
Sanniki
7%
Sianów
7%
Siechnice
7%
Siedliszcze
7%
Sieniawa
7%
Sieraków
7%
Siewierz
7%
Skwierzyna
7%
Słomniki
7%
Śmigiel
7%
Sobótka
7%
Sompolno
7%
Stepnica
7%
Strzeleczki
7%
Suchań
7%
Sulmierzyce
7%
Świątniki Górne
7%
Świdwin
7%
Szadek
7%
Szczawno-Zdrój
7%
Szczytna
7%
Szlichtyngowa
7%
Torzym
7%
Trzciel
7%
Trzcińsko-Zdrój
7%
Tuliszków
7%
Turobin
7%
Tuszyn
7%
Twardogóra
7%
Tychowo
7%
Wąbrzeźno
7%
Węgorzyno
7%
Wiązów
7%
Wielichowo
7%
Wiskitki
7%
Wołczyn
7%
Woźniki
7%
Wyśmierzyce
7%
Ząbkowice Śląskie
7%
Zagórów
7%
Żarki
7%
Zbąszyń
7%
Zbąszynek
7%
Zduny
7%
Zdzieszowice
7%
Żerków
7%
Barwice
0%
Bodzanów
0%
Bolimów
0%
Brody
0%
Cybinka
0%
Dobrzany
0%
Duszniki-Zdrój
0%
Gielniów
0%
Górzno
0%
Gowarczów
0%
Gozdnica
0%
Grodków
0%
Inowłódz
0%
Ińsko
0%
Iwaniska
0%
Jedlnia-Letnisko
0%
Kamieńsk
0%
Korfantów
0%
Łasin
0%
Łobez
0%
Łobżenica
0%
Lubniewice
0%
Małomice
0%
Maszewo
0%
Miękinia
0%
Mieszkowice
0%
Moryń
0%
Mrocza
0%
Nowogród Bobrzański
0%
Obrzycko
0%
Odrzywół
0%
Ogrodzieniec
0%
Orzesze
0%
Ostroróg
0%
Otyń
0%
Pełczyce
0%
Pierzchnica
0%
Pogorzela
0%
Poniec
0%
Przecław
0%
Przytyk
0%
Pyrzyce
0%
Pyskowice
0%
Rogoźno
0%
Ścinawa
0%
Siennica
0%
Sienno
0%
Skępe
0%
Sobków
0%
Stawiszyn
0%
Świerzawa
0%
Tułowice
0%
Witnica
0%
Włodowice
0%
Wojkowice
0%
Ziębice
0%
Złoczew
0%
Nie znaleziono quizów pasujących do podanych kryteriów
Rozkład punktacji
Procent ludzi z każdym wynikiem
Percentyl według liczby udzielonych odpowiedzi
Twoja historia wyników
Nie rozwiązałeś tego quizu